| 000 | 00623nam a22001937a 4500 | ||
|---|---|---|---|
| 005 | 20131011143443.0 | ||
| 010 | _aENG-106623 | ||
| 020 |
_a9788171327324 _c895.00 |
||
| 035 | _aEN-90156 | ||
| 037 | _bDBAD/PUB | ||
| 082 | _a362.10954 | ||
| 245 |
_aHealth and welfare in India / _cedited by C. Chidambaranathan [and] I. Jenitta Mary |
||
| 260 |
_aJaipur _bPointer Publishers _c2013 |
||
| 270 |
_a807, Vyas Building, Chaura Rasta _bJaipur _e302003 |
||
| 300 |
_axvii,237p. _c22cm (Hb) |
||
| 700 |
_aChidambaranathan, C. _954873 |
||
| 700 |
_a Jenitta Mary, I. _954874 |
||
| 942 |
_2ddc _cEN _mHEA _h362.10954 |
||
| 999 |
_c73133 _d73133 |
||